Header

Discurso del Brigadier General D. Julio A. Roca al recibirse de la presidencia de la República ante el Congreso Argentino el 12 de octubre de 1880. (Registro nro. 7765)

Detalles MARC
000 -LEADER
campo de control de longitud fija 01238nam a2200217Ia 4500
001 - NÚMERO DE CONTROL
campo de control 7765
003 - IDENTIFICADOR DE NÚMERO DE CONTROL
campo de control AR-BaAGN
005 - FECHA Y HORA DE LA ÚLTIMA TRANSACCIÓN
campo de control 20231103121054.0
007 - CAMPO FIJO DE DESCRIPCIÓN FÍSICA--INFORMACIÓN GENERAL
campo de control de longitud fija ta
008 - DATOS DE LONGITUD FIJA--INFORMACIÓN GENERAL
campo de control de longitud fija 211213s1880 ag |||||||||||||| ||spa d
040 ## - FUENTE DE CATALOGACIÓN
Centro catalogador/agencia de origen AR-BaAGN
Lengua de catalogación español
Normas de descripción aacr
942 ## - ELEMENTOS DE ENTRADA SECUNDARIOS (KOHA)
Tipo de ítem Koha Libro
100 1# - ENTRADA PRINCIPAL--NOMBRE DE PERSONA
Nombre de persona Roca, Julio Argentino,
Fechas asociadas al nombre 1843-1914
ID autoridades 4484
245 10 - MENCIÓN DEL TÍTULO
Título Discurso del Brigadier General D. Julio A. Roca al recibirse de la presidencia de la República ante el Congreso Argentino el 12 de octubre de 1880.
260 ## - PUBLICACIÓN, DISTRIBUCIÓN, ETC.
Lugar de publicación, distribución, etc. Buenos Aires :
Nombre del editor, distribuidor, etc. Coni,
Fecha de publicación, distribución, etc. 1880.
300 ## - DESCRIPCIÓN FÍSICA
Extensión 15 páginas
336 ## - TIPO DE CONTENIDO
Fuente rdacontent
Código de tipo de contenido texto
337 ## - TIPO DE MEDIO
Fuente rdamedia
Código del tipo de medio no mediado
338 ## - TIPO DE SOPORTE
Fuente rdacarrier
Código del tipo de soporte volumen
501 ## - ENCUADERNADO CON
Nota Número 1 de 10 obras encuadernadas juntas. Encuadernado junto a: La isla de Martín García: legitimidad del dominio argentino -- Carta abierta al Sr. Dr. Carlos Saavedra Lamas -- Homenaje al doctor Manuel F. Mantilla -- Reseña histórica de Pergamino (1725-1825) -- El maestro de Sarmiento Ignacio Fermín Rodríguez -- El silencio del general San Martín -- Historia de Nicolás I, rey del Paraguay y emperador de los Mamelucos (San Pablo, 1756) -- Candidatura Máximo Paz : conferencias de Juan Angel Martínez -- Sucesos de julio de 1890: mediación incidental del señor Máximo Paz.
Existencias
Estado de retiro Estado de pérdida Estado de conservación Biblioteca actual Ubicación en estantería Signatura topográfica completa Código de barras Tipo de ítem Koha Fuente del sistema de clasificación o colocación
      Biblioteca del Archivo General de la Nación Ernesto H. Celesia - Folletos EC.f 91-07 CF00091-7 Folleto  
      Biblioteca del Archivo General de la Nación José A. Pillado - Biblioteca JAP 0589 JAP-0589 Libro  
      Biblioteca del Archivo General de la Nación José Juan Biedma - Biblioteca JJB 697 JJB-697 Libro Clasificación Decimal Dewey

Contacto

Dirección: Av. Leandro Alem 246, 3er piso (CABA).
Código postal: C1003AAP
Teléfono: 2206-0013
Correo electrónico: comunicacionagn@mininterior.gob.ar
Sitio Web: www.argentina.gob.ar/interior/archivo-general-de-la-nacion

AGN en las redes sociales

Facebook  /  Twitter  /  Instagram